000 00314nam a2200097Ia 4500
082 _a385.0968 RHIN
245 0 _aHistorical railway postcard journeys in Southern Africa
100 _a Van Rooyen, J.W. (Jean) Pretoria (South Africa), 2012
_933828
942 _cBK
008 210817s9999 xx 000 0 und d
999 _c175658
_d175652